| 000 | 01330nam a22003257a 4500 | ||
|---|---|---|---|
| 005 | 20260313143128.0 | ||
| 008 | 260311s2005 ck ||||g |||| 00| | spa d | ||
| 040 |
_aCO-BoESAP _bspa _cCO-BoESAP |
||
| 100 | 1 |
_aVidal Perdomo, Jaime, _d1931-2018 _97404 _eautor |
|
| 245 | 1 | 3 |
_aLa ley 489 de 1998 : _bla segunda gran teoría de la organización y el funcionamiento de la administración colombiana / _cJaime Vidal Perdomo. |
| 300 | _apáginas 103-148 | ||
| 504 | _aBibliografía: páginas 147-148. | ||
| 526 | _a104436 | ||
| 526 | _a1697 | ||
| 526 | _a19790 | ||
| 526 | _a51868 | ||
| 526 | _a102619 | ||
| 526 | _a5144 | ||
| 630 | 0 | 4 |
_aLey 489 de 1998 _9222632 |
| 650 | 1 | 7 |
_aPoder ejecutivo _xOrganización _912478 _zColombia _2LEMB |
| 650 | 2 | 4 |
_aReformas administrativas _xHistoria _9222549 _zColombia |
| 650 | 2 | 4 |
_aModernización del Estado _9219956 _zColombia |
| 650 | 2 | 7 |
_aDescentralización administrativa _910325 _zColombia _2LEMB |
| 650 | 2 | 7 |
_aPolíticas públicas _9178915 _zColombia _2LEMB |
| 650 | 2 | 7 |
_aParticipación ciudadana _910525 _zColombia _2LEMB |
| 650 | 2 | 4 |
_aResponsabilidad administrativa _94030 _zColombia |
| 651 | 7 |
_aColombia _2LEMB _9164775 _xAdministración pública _xLegislación |
|
| 773 | _tTeoría de la organización administrativa colombiana : una visión jurídico-administrativa | ||
| 942 |
_2cl _cCHAP |
||
| 999 |
_c175275 _d175275 |
||